[Event "Rheinland Pfalz op 3rd"]
[Site "Gau Algesheim"]
[Date "2011.07.31"]
[Round "7"]
[White "Faldum, Manfred"]
[Black "Bur, Marcus"]
[Result "1/2-1/2"]
[WhiteElo "2031"]
[BlackElo "1734"]
[PlyCount "39"]
[EventDate "2011.07.28"]
[EventType "swiss"]
[EventRounds "7"]
[EventCountry "GER"]
[SourceTitle "EXT 2013"]
[Source "ChessBase"]
[SourceDate "2012.11.22"]
[SourceVersion "1"]
[SourceVersionDate "2012.11.22"]
[SourceQuality "1"]

1. e4 c5 2. d3 Nc6 3. g3 d6 4. Bg2 g6 5. Nf3 Bg7 6. 0-0 Bg4 7. h3 Bxf3 8. Qxf3 Nd4 9. Qd1 Rb8 10. c3 Nc6 11. Nd2 Nf6 12. Nf3 0-0 13. Be3 Qa5 14. Qd2 Nd7 15. Bh6 Nce5 16. Nxe5 Nxe5 17. Bxg7 Kxg7 18. f4 Nc6 19. f5 Ne5 20. Rf2 1/2-1/2